[Event "I Festival ASDEC B"]
[Site "Messina ITA"]
[Date "2011.08.28"]
[Round "1"]
[White "Borrello, Massimiliano"]
[Black "Guttarolo, Giovanni"]
[Result "1-0"]
[WhiteElo "1545"]
[BlackElo "1316"]
[PlyCount "61"]
[EventDate "2011.08.28"]

1. e4 e6 2. Nf3 d5 3. e5 c5 4. d4 cxd4 5. Nxd4 Nd7 6. Bb5 Qb6 7. O-O Bc5 8. c3
Ne7 9. Qa4 a6 10. Bd3 O-O 11. Nf3 Ng6 12. Qc2 Qc7 13. Re1 b5 14. Be3 Bb7 15.
Nbd2 Rac8 16. Rac1 Qb8 17. Qb1 f5 18. exf6 Nxf6 19. Bxc5 Rxc5 20. Rxe6 Nf4 21.
Re7 Nxd3 22. Qxd3 b4 23. Ng5 g6 24. Ne6 Ng4 25. Qh3 Rf7 26. Rxf7 Kxf7 27. Nxc5
Nf6 28. Qe6+ Kg7 29. Qe7+ Kh6 30. Qxf6 bxc3 31. Ne6 1-0

[Event "I Festival ASDEC B"]
[Site "Messina ITA"]
[Date "2011.08.28"]
[Round "1"]
[White "Cardile, Davide"]
[Black "Buda, Elvin"]
[Result "0-1"]
[WhiteElo "1488"]
[BlackElo "1656"]
[PlyCount "118"]
[EventDate "2011.08.28"]

1. c4 f5 2. Nc3 Nf6 3. g3 e5 4. d3 Be7 5. Bg2 d6 6. Bg5 O-O 7. Bxf6 Bxf6 8. Qc2
Nc6 9. Nh3 Nd4 10. Qd2 c6 11. e3 Ne6 12. O-O Qe8 13. f4 Qg6 14. Ne2 a5 15. d4
e4 16. Nc3 Qf7 17. Rfd1 Bd7 18. Na4 b5 19. Nb6 Ra6 20. Nxd7 Qxd7 21. cxb5 cxb5
22. Rdc1 Rc8 23. Rxc8+ Qxc8 24. Rc1 Qb7 25. Qc3 Nc5 26. Bf1 Ra8 27. Qc2 Ne6 28.
Qb3 d5 29. Qxb5 Qxb5 30. Bxb5 Kf7 31. Bd7 Ke7 32. Bxe6 Kxe6 33. Rc5 h6 34. Nf2
Be7 35. Rb5 Bb4 36. Nd1 Rc8 37. Nc3 Bxc3 38. bxc3 Rxc3 39. Rb6+ Kf7 40. Rb7+
Kg6 41. Rb5 Kh5 42. Rxa5 Kg4 43. Rxd5 Kf3 44. Rc5 Rxe3 45. Rc1 Rd3 46. Rf1+ Ke3
47. Rb1 Rxd4 48. Rb3+ Rd3 49. Kf1 Rxb3 50. axb3 Kd4 51. b4 Kc4 52. b5 Kxb5 53.
Ke2 Kc4 54. Ke3 Kc3 55. g4 g6 56. h4 h5 57. g5 Kc4 58. Kd2 Kd4 59. Ke2 e3 0-1

[Event "I Festival ASDEC B"]
[Site "Messina ITA"]
[Date "2011.08.28"]
[Round "1"]
[White "Colnaghi, Davide"]
[Black "Canonico, Francesco"]
[Result "1-0"]
[WhiteElo "1503"]
[BlackElo "1705"]
[PlyCount "100"]
[EventDate "2011.08.28"]

1. e4 e5 2. f4 d6 3. Bc4 Nf6 4. Nf3 exf4 5. d3 Be7 6. Bxf4 O-O 7. O-O c6 8. Nc3
Qb6+ 9. Kh1 Qxb2 10. Qd2 d5 11. exd5 Bb4 12. Be5 Qa3 13. Bxf6 gxf6 14. Nb1 Qb2
15. c3 Qxd2 16. Nfxd2 Be7 17. Ne4 cxd5 18. Bxd5 Nd7 19. Nbd2 Nb6 20. Bb3 Kg7
21. Rf3 Be6 22. Rg3+ Kh8 23. Rf1 Bxb3 24. axb3 Nd7 25. Rf4 Rg8 26. Rh3 Rg7 27.
Nf3 Rag8 28. Rfh4 Ne5 29. Nd4 Ng6 30. Rh6 Nf4 31. Nf5 Nxh3 32. Nxg7 Kxg7 33.
Rxh3 h6 34. Rh5 Rd8 35. d4 Kg6 36. g4 b6 37. Rf5 Rh8 38. d5 h5 39. Rxh5 Rxh5
40. gxh5+ Kxh5 41. d6 Bd8 42. d7 f5 43. Nd6 f4 44. Nxf7 Be7 45. d8=Q Bxd8 46.
Nxd8 Kg4 47. Kg2 f3+ 48. Kf2 Kh3 49. Kxf3 Kxh2 50. Nc6 a6 1-0

[Event "I Festival ASDEC B"]
[Site "Messina ITA"]
[Date "2011.08.28"]
[Round "1"]
[White "Cusmano, Antonello"]
[Black "Grudina, Marco"]
[Result "1-0"]
[WhiteElo "1517"]
[BlackElo "1882"]
[PlyCount "85"]
[EventDate "2011.08.28"]

1. d4 d5 2. Bf4 Nf6 3. e3 Bf5 4. Bd3 Qd7 5. Nf3 Bxd3 6. Qxd3 Nc6 7. c3 e6 8.
Nbd2 Be7 9. Ne5 Nxe5 10. dxe5 Nh5 11. Bg3 Qa4 12. Nb3 c5 13. Qe2 g6 14. f4 O-O
15. Bf2 Rac8 16. g4 Ng7 17. g5 Rfd8 18. Nd2 Qc2 19. Nf1 Qe4 20. Ng3 Qa4 21. h4
Nf5 22. Nxf5 exf5 23. h5 Qe4 24. Qf1 d4 25. Qh3 dxe3 26. Bxe3 Rd3 27. Kf2 c4
28. hxg6 Qxe3+ 29. Qxe3 Bc5 30. Qxc5 Rxc5 31. gxf7+ Kf8 32. Rxh7 Rcd5 33. Re1
Rd2+ 34. Kf3 Rxb2 35. e6 Rd3+ 36. Re3 Rxe3+ 37. Kxe3 Rb6 38. Rh6 Ke7 39. Rf6
Rxe6+ 40. Rxe6+ Kxf7 41. Rf6+ Kg7 42. Rxf5 Kg6 43. Rc5 1-0

[Event "I Festival ASDEC B"]
[Site "Messina ITA"]
[Date "2011.08.28"]
[Round "1"]
[White "Fariselli, Umberto"]
[Black "Gelardi, Davide"]
[Result "0-1"]
[WhiteElo "1356"]
[BlackElo "1551"]
[PlyCount "86"]
[EventDate "2011.08.28"]

1. d4 Nf6 2. c4 e6 3. Nf3 d5 4. c5 Nc6 5. e3 b6 6. Qc2 Bd7 7. Bd2 bxc5 8. dxc5
Rb8 9. a3 a5 10. Bc3 g6 11. Bd3 Bg7 12. Nbd2 O-O 13. Nb3 a4 14. Nbd4 Nxd4 15.
Bxd4 Qe8 16. Rb1 Bb5 17. O-O Bxd3 18. Qxd3 Rb3 19. Qa6 Qb5 20. Qxb5 Rxb5 21.
Nd2 c6 22. Rfc1 Rfb8 23. Rc2 Nd7 24. Nf3 e5 25. Bc3 Rxc5 26. Rd1 e4 27. Nd4 Ne5
28. Bb4 Rxc2 29. Nxc2 Nd3 30. Nd4 c5 31. Nc6 Rb6 32. Ne7+ Kf8 33. Nxd5 Rd6 34.
Nc3 cxb4 35. Nxe4 Rc6 36. axb4 Nxb2 37. Rf1 Rc4 38. b5 Rxe4 39. b6 Rb4 40. Ra1
Rxb6 41. Ra2 Nc4 42. g3 a3 43. Kg2 Nxe3+ 0-1

[Event "I Festival ASDEC B"]
[Site "Messina ITA"]
[Date "2011.08.28"]
[Round "1"]
[White "Favaloro, Andrea"]
[Black "Scovazzi, Tullio"]
[Result "1-0"]
[WhiteElo "1506"]
[BlackElo "1729"]
[PlyCount "99"]
[EventDate "2011.08.28"]

1. e4 e5 2. Nf3 Nc6 3. Bc4 Be7 4. d4 d6 5. O-O Nf6 6. Re1 O-O 7. Nc3 Bg4 8.
dxe5 Nxe5 9. Be2 c6 10. Nxe5 Bxe2 11. Nxf7 Bxd1 12. Nxd8 Bxc2 13. Nxb7 Nd7 14.
Na5 Rfc8 15. Nc4 Bd3 16. Ne3 g6 17. f4 Nc5 18. Nf1 Rab8 19. e5 d5 20. Nd2 Bf5
21. b3 Nd3 22. Rf1 Bc5+ 23. Kh1 Be3 24. Nde4 Bd4 25. Nf6+ Kg7 26. Bd2 Rb7 27.
g4 Be6 28. h3 Rf8 29. Rf3 Nc5 30. Rd1 Nd7 31. Nxd7 Rxd7 32. Rdf1 Rdf7 33. Kg2
Bb6 34. Ne2 d4 35. Kh2 c5 36. Ng3 Bd5 37. R3f2 Bc7 38. Re1 Re8 39. Rfe2 Bf3 40.
Rf2 Bd5 41. Kg1 Bb6 42. Ne4 Bxe4 43. Rxe4 Rc8 44. f5 c4 45. f6+ Kg8 46. e6 c3
47. exf7+ Kxf7 48. Re7+ Kf8 49. Bh6+ Kg8 50. f7+ 1-0

[Event "I Festival ASDEC B"]
[Site "Messina ITA"]
[Date "2011.08.28"]
[Round "1"]
[White "Girgenti, Giuseppe"]
[Black "Iannello, Antonio"]
[Result "1-0"]
[WhiteElo "1792"]
[BlackElo "1512"]
[PlyCount "67"]
[EventDate "2011.08.28"]

1. e4 c5 2. Nc3 Nc6 3. f4 d6 4. Nf3 g6 5. Bb5 Bd7 6. d3 Bg7 7. Be3 a6 8. Bxc6
Bxc6 9. O-O e6 10. Qe1 Rc8 11. f5 Nf6 12. fxe6 fxe6 13. Ng5 Qe7 14. Qe2 O-O 15.
Rae1 Nd7 16. Qg4 e5 17. Qh3 Nf6 18. Nd5 Qd7 19. Qxd7 Bxd7 20. Ne7+ Kh8 21. Nxc8
Bxc8 22. Nh3 h6 23. Bd2 b6 24. c4 a5 25. Rf2 Rf7 26. Ref1 Be6 27. Bxh6 Bxh6 28.
Rxf6 Bxh3 29. Rxf7 Be3+ 30. Kh1 Bg4 31. Rf8+ Kh7 32. R1f7+ Kh6 33. Rh8+ Kg5 34.
h4# 1-0

[Event "I Festival ASDEC B"]
[Site "Messina ITA"]
[Date "2011.08.28"]
[Round "1"]
[White "Iannello, Andrea"]
[Black "Fenocchio, Renato"]
[Result "1-0"]
[WhiteElo "1593"]
[BlackElo "1449"]
[PlyCount "123"]
[EventDate "2011.08.28"]

1. e4 d5 2. exd5 Qxd5 3. Nc3 Qd6 4. d4 Nf6 5. Nf3 a6 6. h3 e6 7. Bc4 b5 8. Bb3
Bb7 9. Be3 Be7 10. O-O Nbd7 11. Qe2 O-O 12. Rad1 Nb6 13. Ne5 Nfd5 14. Ne4 Qd8
15. c3 f6 16. Nd3 Qe8 17. Nec5 Bc8 18. Nf4 Bd6 19. Qf3 c6 20. Rfe1 Qf7 21. Bc1
Re8 22. Ne4 Bc7 23. Re2 e5 24. Nxd5 Nxd5 25. dxe5 Rxe5 26. Nxf6+ gxf6 27. Rxe5
Bxe5 28. Rxd5 Be6 29. Rd3 Bxb3 30. axb3 Qc7 31. Qg4+ Qg7 32. Qe6+ Kh8 33. Rd7
Qg6 34. Qxc6 Rg8 35. Qd5 Qb1 36. Qd1 Qe4 37. f3 Qg6 38. Qe2 Qg3 39. Qf2 Qh2+
40. Kf1 h5 41. Be3 Qh1+ 42. Qg1 Qxg1+ 43. Bxg1 Re8 44. Bd4 Bg3 45. Bxf6+ Kg8
46. Re7 Rxe7 47. Bxe7 h4 48. Ke2 Kf7 49. Bg5 Kg6 50. f4 Kf5 51. c4 Ke4 52. c5
Kd5 53. b4 Ke6 54. b3 Kd5 55. f5 Ke5 56. f6 Ke6 57. Kd3 Kf7 58. Kd4 Kg6 59. Kd5
Be1 60. c6 Bg3 61. Bxh4 Bc7 62. Ke6 1-0

[Event "I Festival ASDEC B"]
[Site "Messina ITA"]
[Date "2011.08.28"]
[Round "1"]
[White "Lenti, Cosimo"]
[Black "Gangemi, Domenico"]
[Result "0-1"]
[WhiteElo "1670"]
[BlackElo "1497"]
[PlyCount "39"]
[EventDate "2011.08.28"]

1. e4 e5 2. Nf3 Nc6 3. Nc3 Bc5 4. Bb5 Nge7 5. Nxe5 O-O 6. Nf3 Re8 7. O-O Nd4 8.
Bc4 d5 9. Nxd5 Bg4 10. Nxe7+ Qxe7 11. d3 Nxf3+ 12. gxf3 Bh3 13. Re1 Qh4 14. d4
Rad8 15. c3 Rd6 16. Kh1 Rg6 17. Rg1 Bd6 18. e5 Qxf2 19. Rxg6 hxg6 20. Qe2 0-1

[Event "I Festival ASDEC B"]
[Site "Messina ITA"]
[Date "2011.08.28"]
[Round "1"]
[White "Velardi, Giovanni"]
[Black "Spadaro, Luciano"]
[Result "1-0"]
[WhiteElo "1706"]
[BlackElo "1506"]
[PlyCount "75"]
[EventDate "2011.08.28"]

1. d4 d5 2. c4 e6 3. Nc3 Bb4 4. Qa4+ Nc6 5. Nf3 Nge7 6. Bf4 O-O 7. e3 Bd7 8.
Qc2 f6 9. a3 Bxc3+ 10. bxc3 e5 11. dxe5 fxe5 12. Nxe5 Nxe5 13. Bxe5 Ng6 14. Bg3
Qg5 15. Bd3 Bf5 16. cxd5 Rad8 17. c4 Rde8 18. O-O h5 19. Bxf5 Rxf5 20. e4 Rf7
21. h3 h4 22. Bh2 Nf4 23. Bxf4 Rxf4 24. Rfe1 Re5 25. c5 Qg6 26. Qb2 Rg5 27. f3
Rxf3 28. Kh1 Rgg3 29. Re2 Rb3 30. Qe5 Rge3 31. Rxe3 Rxe3 32. Qf5 Qe8 33. d6
cxd6 34. cxd6 Rd3 35. e5 Rd5 36. Rc1 g6 37. Qg4 Qxe5 38. Qxg6+ 1-0

[Event "I Festival ASDEC B"]
[Site "Messina ITA"]
[Date "2011.08.29"]
[Round "2"]
[White "Buda, Elvin"]
[Black "Cusmano, Antonello"]
[Result "1-0"]
[WhiteElo "1656"]
[BlackElo "1517"]
[PlyCount "43"]
[EventDate "2011.08.28"]

1. d4 Nf6 2. Nf3 d5 3. e3 Bf5 4. c4 c6 5. Qb3 Qc7 6. Bd2 e6 7. Nc3 Nbd7 8. Nh4
Bg6 9. Nxg6 hxg6 10. h3 Be7 11. Rc1 Rc8 12. cxd5 exd5 13. Be2 Qb8 14. Bf3 Nb6
15. e4 dxe4 16. Nxe4 Nbd5 17. O-O Nxe4 18. Bxe4 Nf4 19. Bxf4 Qxf4 20. Qxb7 Kd8
21. Bxc6 Rc7 22. Qb8+ 1-0

[Event "I Festival ASDEC B"]
[Site "Messina ITA"]
[Date "2011.08.29"]
[Round "2"]
[White "Canonico, Francesco"]
[Black "Cardile, Davide"]
[Result "0-1"]
[WhiteElo "1705"]
[BlackElo "1488"]
[PlyCount "86"]
[EventDate "2011.08.28"]

1. e4 c5 2. Nf3 g6 3. d4 Bg7 4. c3 b6 5. Be3 Qc7 6. Nbd2 Nf6 7. h3 d6 8. Bd3
O-O 9. Rc1 Bb7 10. d5 e5 11. dxe6 fxe6 12. Qb3 Qe7 13. g4 Kh8 14. Rg1 Nc6 15.
Bg5 Qe8 16. a3 Nd7 17. Bh4 Nde5 18. Nxe5 Nxe5 19. Be2 d5 20. Qc2 Rc8 21. Bg3
Nd7 22. f4 e5 23. f5 gxf5 24. gxf5 Bh6 25. Rd1 Be3 26. Rg2 d4 27. Nc4 Nf6 28.
Bxe5 b5 29. Bxf6+ Rxf6 30. Nxe3 dxe3 31. Rg4 c4 32. Rd4 Qe5 33. Qc1 h5 34. Rg2
Qf4 35. Qd1 Qh4+ 36. Kf1 Rxf5+ 37. Kg1 Rf2 38. Rxf2 Qxf2+ 39. Kh1 Rg8 40. Bf3
Qg3 41. Qf1 Rf8 42. Rd7 Bxe4 43. Qg2 Bxf3 0-1

[Event "I Festival ASDEC B"]
[Site "Messina ITA"]
[Date "2011.08.29"]
[Round "2"]
[White "Colnaghi, Davide"]
[Black "Borrello, Massimiliano"]
[Result "1/2-1/2"]
[WhiteElo "1503"]
[BlackElo "1545"]
[PlyCount "61"]
[EventDate "2011.08.28"]

1. e4 c5 2. Nc3 Nc6 3. f4 e6 4. Bc4 Nge7 5. Nf3 d5 6. Bb5 a6 7. Bxc6+ bxc6 8.
O-O dxe4 9. Nxe4 Nd5 10. Ne5 Qc7 11. Qh5 g6 12. Qg5 Bg7 13. Ng4 h6 14. Nef6+
Nxf6 15. Nxf6+ Bxf6 16. Qxf6 O-O 17. d3 Qd8 18. Qe5 Qd4+ 19. Be3 Qxe5 20. fxe5
Rb8 21. Bxc5 Rd8 22. b3 a5 23. Rf4 Rb5 24. d4 Ba6 25. c4 Rb7 26. Rf6 a4 27. Rb1
Bxc4 28. Rf3 axb3 29. axb3 Ra8 30. b4 Bd5 31. Rf2 1/2-1/2

[Event "I Festival ASDEC B"]
[Site "Messina ITA"]
[Date "2011.08.29"]
[Round "2"]
[White "Favaloro, Andrea"]
[Black "Iannello, Andrea"]
[Result "0-1"]
[WhiteElo "1506"]
[BlackElo "1593"]
[PlyCount "52"]
[EventDate "2011.08.28"]

1. d4 d5 2. c4 e6 3. Nc3 Nf6 4. Bg5 Be7 5. e3 O-O 6. Nf3 h6 7. Bh4 Ne4 8. Bxe7
Qxe7 9. cxd5 Nxc3 10. bxc3 exd5 11. Ne5 Nd7 12. Nxd7 Qxd7 13. Bd3 b6 14. O-O
Bb7 15. f4 Rae8 16. Rf3 c5 17. Rg3 c4 18. Bc2 Qd6 19. f5 Qf6 20. Qh5 b5 21. Rf1
a5 22. Rf4 Kh8 23. Rfg4 Rg8 24. Rg6 fxg6 25. Rxg6 Qe7 26. f6 Qxe3+ 0-1

[Event "I Festival ASDEC B"]
[Site "Messina ITA"]
[Date "2011.08.29"]
[Round "2"]
[White "Fenocchio, Renato"]
[Black "Lenti, Cosimo"]
[Result "1-0"]
[WhiteElo "1449"]
[BlackElo "1670"]
[PlyCount "61"]
[EventDate "2011.08.28"]

1. d4 d5 2. Nf3 Nf6 3. e3 Bg4 4. Nbd2 e6 5. c3 c5 6. Qb3 Qc7 7. Ne5 Nbd7 8. Bb5
Bf5 9. Ndf3 Bd6 10. Bd2 O-O 11. O-O c4 12. Qa4 Nxe5 13. dxe5 Bxe5 14. Nxe5 Qxe5
15. Qd1 Ng4 16. f4 Qf6 17. h3 Nh6 18. g4 Bd3 19. g5 Qg6 20. Rf2 Nf5 21. Qg4 Nd6
22. Ba4 Bf5 23. Qh4 Be4 24. Bd1 Nf5 25. Qg4 f6 26. h4 fxg5 27. hxg5 b5 28. Rh2
Kf7 29. Qh3 Ne7 30. Bh5 Bf5 31. Bxg6+ 1-0

[Event "I Festival ASDEC B"]
[Site "Messina ITA"]
[Date "2011.08.29"]
[Round "2"]
[White "Gangemi, Domenico"]
[Black "Girgenti, Giuseppe"]
[Result "0-1"]
[WhiteElo "1497"]
[BlackElo "1792"]
[PlyCount "86"]
[EventDate "2011.08.28"]

1. d4 Nf6 2. c4 e5 3. e3 Bb4+ 4. Nc3 exd4 5. exd4 O-O 6. Be3 Ne4 7. Nge2 Re8 8.
Qc2 d5 9. O-O-O Bf5 10. Qb3 Bxc3 11. Nxc3 Nxc3 12. Qxc3 c6 13. h3 Nd7 14. Bd3
Bxd3 15. Qxd3 dxc4 16. Qxc4 Nb6 17. Qb3 Qd5 18. Qxd5 Nxd5 19. Rhe1 Re6 20. Bd2
Rae8 21. Rxe6 Rxe6 22. Re1 Rxe1+ 23. Bxe1 Nf4 24. f3 Nd3+ 25. Kd2 Nxb2 26. Bg3
Nc4+ 27. Kd3 Nb6 28. Bb8 a6 29. Bd6 f6 30. Ke4 Kf7 31. g4 Ke6 32. Bf8 g6 33. f4
f5+ 34. gxf5+ gxf5+ 35. Kd3 Nd5 36. Bh6 Kf7 37. Ke2 Kg6 38. Bg5 h6 39. Bd8
Nxf4+ 40. Kf3 Nxh3 41. Kg3 Ng5 42. Bb6 Ne4+ 43. Kf4 Nc3 0-1

[Event "I Festival ASDEC B"]
[Site "Messina ITA"]
[Date "2011.08.29"]
[Round "2"]
[White "Gelardi, Davide"]
[Black "Velardi, Giovanni"]
[Result "0-1"]
[WhiteElo "1551"]
[BlackElo "1706"]
[PlyCount "108"]
[EventDate "2011.08.28"]

1. e4 c6 2. d4 d5 3. Nc3 dxe4 4. Nxe4 Bf5 5. Bd3 e6 6. Nf3 Nd7 7. O-O Bg6 8. c4
Ngf6 9. Ng3 Bxd3 10. Qxd3 Bd6 11. b3 O-O 12. Bb2 Qc7 13. Rfe1 Rad8 14. Rad1
Rfe8 15. Ne4 Nxe4 16. Rxe4 Nf6 17. Rh4 h6 18. Qe3 c5 19. Re1 Nd7 20. Qc3 Be7
21. Rh3 Bf6 22. Qc2 cxd4 23. Nxd4 Nf8 24. Nb5 Qa5 25. Bc3 Bxc3 26. Nxc3 Rd4 27.
Rhe3 Red8 28. Re5 Qc7 29. R5e2 a6 30. g3 Ng6 31. Nb1 Ne7 32. Rd2 Nc6 33. a3 Ne5
34. Re3 Qd6 35. Rxd4 Qxd4 36. Nc3 Nc6 37. Re4 Qd3 38. Qxd3 Rxd3 39. Re3 Rxe3
40. fxe3 Na5 41. Kf2 Nxb3 42. Ne4 Kf8 43. Ke2 Ke7 44. Kd3 f5 45. Nc3 Kd6 46. e4
Nc5+ 47. Ke3 Nxe4 48. Nxe4+ fxe4 49. Kxe4 e5 50. h4 g6 51. c5+ Ke6 52. g4 a5
53. a4 Kf6 54. Kd5 h5 0-1

[Event "I Festival ASDEC B"]
[Site "Messina ITA"]
[Date "2011.08.29"]
[Round "2"]
[White "Grudina, Marco"]
[Black "Zampaglione, Francesco"]
[Result "1-0"]
[WhiteElo "1882"]
[BlackElo "1554"]
[PlyCount "37"]
[EventDate "2011.08.28"]

1. e4 d6 2. d4 Nf6 3. Nc3 Nbd7 4. Bc4 e5 5. Nf3 h6 6. h3 c6 7. Be3 Qc7 8. Bb3
Be7 9. Qd2 b5 10. a3 Nf8 11. O-O Be6 12. d5 cxd5 13. exd5 Bf5 14. Nxb5 Qb7 15.
Qa5 Bd8 16. Nxd6+ Ke7 17. Nxf5+ Kd7 18. Ba4+ Kc8 19. Nd6+ 1-0

[Event "I Festival ASDEC B"]
[Site "Messina ITA"]
[Date "2011.08.29"]
[Round "2"]
[White "Iannello, Antonio"]
[Black "Fariselli, Umberto"]
[Result "1-0"]
[WhiteElo "1512"]
[BlackElo "1356"]
[PlyCount "37"]
[EventDate "2011.08.28"]

1. e4 e6 2. d4 d5 3. Nd2 c5 4. exd5 exd5 5. Ngf3 Nc6 6. Bb5 Bd7 7. O-O Nf6 8.
Re1+ Ne7 9. Bxd7+ Nxd7 10. Qe2 c4 11. Ne5 Nf6 12. Nf1 g6 13. Bg5 Bg7 14. Nxf7
Kxf7 15. Qe6+ Kf8 16. Bxf6 Bxf6 17. Qxf6+ Kg8 18. Rxe7 Qf8 19. Qe6+ 1-0

[Event "I Festival ASDEC B"]
[Site "Messina ITA"]
[Date "2011.08.29"]
[Round "2"]
[White "Spadaro, Luciano"]
[Black "Scovazzi, Tullio"]
[Result "0-1"]
[WhiteElo "1506"]
[BlackElo "1729"]
[PlyCount "110"]
[EventDate "2011.08.28"]

1. d4 d5 2. Bf4 Nf6 3. e3 Bf5 4. Nd2 e6 5. Ngf3 c5 6. c4 cxd4 7. Nxd4 Bd6 8.
Qa4+ Ke7 9. Bg5 h6 10. Bxf6+ Kxf6 11. cxd5 exd5 12. Nxf5 Kxf5 13. Bd3+ Kf6 14.
Nf3 Nc6 15. O-O g5 16. Rad1 Qb6 17. Bb1 Rad8 18. Rxd5 Bxh2+ 19. Nxh2 Rxd5 20.
Ng4+ Kg7 21. Qe4 Rd6 22. Qf5 Qa5 23. Qf3 Qd8 24. a3 Qe7 25. Ba2 Rf8 26. Qf5 Qd7
27. Qc5 b6 28. Qc3+ f6 29. f3 Qe7 30. f4 Qd7 31. Nf2 Ne7 32. fxg5 hxg5 33. e4
Nc6 34. Nh3 Kg6 35. Bb1 Ne5 36. Nxg5 Rd1 37. Nf3 Rxf1+ 38. Kxf1 Qd1+ 39. Qe1
Rd8 40. Kf2 Qxe1+ 41. Kxe1 Nxf3+ 42. gxf3 Kg5 43. Ke2 Kf4 44. Bc2 Rh8 45. Kd3
Kxf3 46. Kc4 Rc8+ 47. Kb3 Rxc2 48. Kxc2 Kxe4 49. Kd2 Kd4 50. a4 f5 51. Ke2 Kc4
52. Kf3 Kb3 53. Kf4 Kxb2 54. Kxf5 Kb3 55. Ke5 Kxa4 0-1

[Event "I Festival ASDEC B"]
[Site "Messina ITA"]
[Date "2011.08.29"]
[Round "2"]
[White "Zampaglione, Davide"]
[Black "Zarzaca, Antonio"]
[Result "1-0"]
[WhiteElo "1671"]
[BlackElo "1568"]
[PlyCount "120"]
[EventDate "2011.08.28"]

1. d4 e6 2. Nd2 f5 3. Ngf3 Nf6 4. e3 Ne4 5. Ne5 Qh4 6. g3 Qh6 7. Nxe4 fxe4 8.
Bg2 d6 9. Nc4 Nc6 10. Nd2 d5 11. c4 Nb4 12. O-O Nd3 13. Qe2 Bd6 14. a3 O-O 15.
f4 g5 16. c5 Be7 17. Nb3 Qh5 18. Bd2 Rf6 19. Nc1 Rh6 20. Nxd3 Qxh2+ 21. Kf2
exd3 22. Qxd3 gxf4 23. exf4 Qh5 24. Rh1 Qg6 25. f5 Qxf5+ 26. Qxf5 exf5 27. Rxh6
Bf8 28. Bxd5+ Kh8 29. Rh2 f4 30. Bxf4 c6 31. Rah1 Bf5 32. Be5+ Bg7 33. Bxg7+
Kxg7 34. Bf3 Rf8 35. Ke3 Bg6 36. Be4 Re8 37. Rh4 h5 38. Kd3 Bxe4+ 39. Rxe4 Rf8
40. Rxh5 Kg6 41. Rhe5 Rf3+ 42. Re3 Rf2 43. Re2 Rf3+ 44. R5e3 Rf5 45. Re6+ Kf7
46. Re7+ Kf8 47. Rxb7 Rf3+ 48. Kd2 Rxg3 49. Rf2+ Kg8 50. Re2 Kf8 51. Ree7 Rg2+
52. Kc3 Rg3+ 53. Kc4 a5 54. Rec7 Re3 55. Rb8+ Re8 56. Rxe8+ Kxe8 57. d5 Kd8 58.
d6 Ke8 59. Kd4 Kd8 60. Ke5 Ke8 1-0

[Event "I Festival ASDEC B"]
[Site "Messina ITA"]
[Date "2011.08.30"]
[Round "3"]
[White "Cardile, Davide"]
[Black "Grudina, Marco"]
[Result "0-1"]
[WhiteElo "1488"]
[BlackElo "1882"]
[PlyCount "53"]
[EventDate "2011.08.28"]

1. c4 c6 2. d4 d5 3. Nc3 Nf6 4. Bg5 Nbd7 5. Nf3 e6 6. e4 dxe4 7. Nxe4 Qa5+ 8.
Bd2 Bb4 9. Nd6+ Ke7 10. Nxc8+ Raxc8 11. Bd3 Rhe8 12. O-O Kf8 13. Bf4 Kg8 14.
Re1 Bxe1 15. Nxe1 e5 16. Bd2 Qc7 17. Bf5 exd4 18. Bg5 Qe5 19. Bxf6 Qxf5 20.
Bxd4 c5 21. Be3 b6 22. Nf3 Ne5 23. Nxe5 Qxe5 24. b3 Rcd8 25. Qc1 Qe4 26. Qa3
Qc2 27. Rf1 0-1

[Event "I Festival ASDEC B"]
[Site "Messina ITA"]
[Date "2011.08.30"]
[Round "3"]
[White "Cusmano, Antonello"]
[Black "Favaloro, Andrea"]
[Result "1-0"]
[WhiteElo "1517"]
[BlackElo "1506"]
[PlyCount "55"]
[EventDate "2011.08.28"]

1. d4 Nf6 2. Bf4 g6 3. Nd2 Bg7 4. e3 d6 5. Bd3 O-O 6. Ngf3 Nh5 7. Bg3 Nxg3 8.
hxg3 e5 9. c3 f5 10. Qb3+ Kh8 11. Nh4 Qf6 12. f4 e4 13. Be2 Nd7 14. g4 d5 15.
Qxd5 Nb6 16. Qe5 fxg4 17. Nxe4 Qxh4+ 18. Rxh4 Bxe5 19. dxe5 Nd5 20. Kf2 g3+ 21.
Kf3 h5 22. Nxg3 Bg4+ 23. Ke4 Nf6+ 24. exf6 Rfe8+ 25. Kd3 Rad8+ 26. Kc2 Rxe3 27.
Bxg4 Rxg3 28. Bf3 1-0

[Event "I Festival ASDEC B"]
[Site "Messina ITA"]
[Date "2011.08.30"]
[Round "3"]
[White "Fariselli, Umberto"]
[Black "Canonico, Francesco"]
[Result "0-1"]
[WhiteElo "1356"]
[BlackElo "1705"]
[PlyCount "123"]
[EventDate "2011.08.28"]

1. e4 e5 2. Nf3 Nc6 3. Bc4 Be7 4. O-O Nf6 5. Re1 O-O 6. d3 d6 7. a3 Be6 8. Nbd2
Bxc4 9. Nxc4 Qd7 10. h3 Nd4 11. Ne3 Rfe8 12. c3 Ne6 13. Nf5 Bf8 14. N3h4 g6 15.
Ng3 Bg7 16. Be3 d5 17. Nf3 Nf8 18. Nd2 b6 19. b4 Rac8 20. a4 c5 21. bxc5 bxc5
22. Nb3 d4 23. cxd4 cxd4 24. Bd2 Ne6 25. f3 Qb7 26. Qb1 Rb8 27. Na5 Qa6 28. Qa2
Nc5 29. Qc4 Qxc4 30. dxc4 Rec8 31. Reb1 Rxb1+ 32. Rxb1 Nfd7 33. Kf1 Nb6 34. Rb5
Ncxa4 35. Bb4 a6 36. Rxb6 Nxb6 37. c5 Na8 38. Ne2 Bf8 39. Nb7 Rc7 40. Nd6 Rc6
41. Nc4 f6 42. Na5 Rxc5 43. Bxc5 Bxc5 44. Nc1 Nc7 45. Ncb3 Bb4 46. Nc6 Bc3 47.
Nc5 a5 48. Na4 Bb4 49. Ke2 Kf7 50. Kd3 Ke6 51. Kc4 f5 52. Nb2 fxe4 53. fxe4 Ne8
54. Kd3 Nd6 55. g4 h5 56. Na4 hxg4 57. hxg4 Nf7 58. Nb6 Bc5 59. Na4 Bb4 60. Nb2
Kf6 61. Nd1 Kg5 62. Nf2 0-1

[Event "I Festival ASDEC B"]
[Site "Messina ITA"]
[Date "2011.08.30"]
[Round "3"]
[White "Gangemi, Domenico"]
[Black "Iannello, Antonio"]
[Result "1/2-1/2"]
[WhiteElo "1497"]
[BlackElo "1512"]
[PlyCount "89"]
[EventDate "2011.08.28"]

1. d4 d5 2. c4 e6 3. Nf3 Nf6 4. Bg5 Be7 5. Nc3 O-O 6. e3 Nbd7 7. Bd3 c6 8. O-O
dxc4 9. Bxc4 Nd5 10. Bxe7 Qxe7 11. a3 Nxc3 12. bxc3 e5 13. dxe5 Nxe5 14. Nxe5
Qxe5 15. Qb3 b6 16. Rfd1 Bg4 17. Rd4 Qg5 18. Ra2 Bf3 19. Bf1 Bd5 20. c4 Be6 21.
Rad2 c5 22. h4 Qf6 23. Rf4 Qe5 24. Qb1 Rfd8 25. Qd1 Rxd2 26. Qxd2 Qc7 27. g3
Rd8 28. Qc2 Qe5 29. Kh2 Qa1 30. Bd3 h6 31. a4 Qa3 32. Bf5 Bd7 33. Bxd7 Rxd7 34.
Re4 Qd3 35. Re8+ Kh7 36. Qxd3+ Rxd3 37. Re7 Rc3 38. Rxf7 Rxc4 39. Rxa7 Rb4 40.
Kg2 c4 41. e4 c3 42. e5 Rc4 43. e6 c2 44. e7 c1=Q 45. e8=Q 1/2-1/2

[Event "I Festival ASDEC B"]
[Site "Messina ITA"]
[Date "2011.08.30"]
[Round "3"]
[White "Girgenti, Giuseppe"]
[Black "Buda, Elvin"]
[Result "1/2-1/2"]
[WhiteElo "1792"]
[BlackElo "1656"]
[PlyCount "99"]
[EventDate "2011.08.28"]

1. e4 d5 2. exd5 Nf6 3. Nc3 Bg4 4. Be2 Bxe2 5. Qxe2 Nbd7 6. Nf3 a6 7. d6 cxd6
8. d4 d5 9. Bg5 Qc7 10. Bxf6 Nxf6 11. O-O e6 12. a3 Bd6 13. Ne5 O-O 14. Nd1
Rac8 15. c3 Bxe5 16. Qxe5 Ne4 17. Qxc7 Rxc7 18. Ne3 Rfc8 19. Rfd1 Nd6 20. Kf1
f5 21. g3 Kf7 22. Ke2 Rc6 23. f3 Rb6 24. Rab1 Rb3 25. Nf1 Nc4 26. Nd2 Nxd2 27.
Kxd2 Rc6 28. Kc2 Rbb6 29. Re1 Kf6 30. Re5 Rc7 31. Rbe1 a5 32. h4 Rbc6 33. Kd2
b5 34. g4 g6 35. gxf5 gxf5 36. b4 axb4 37. axb4 Ra7 38. R5e2 Ra3 39. Rc1 f4 40.
Rg2 Ra2+ 41. Rc2 Rxc2+ 42. Kxc2 Rc7 43. Rg4 e5 44. dxe5+ Kxe5 45. Kd3 Re7 46.
Rg5+ Kf6 47. Rxd5 Re3+ 48. Kd4 Rxf3 49. Rxb5 Rh3 50. Ke4 1/2-1/2

[Event "I Festival ASDEC B"]
[Site "Messina ITA"]
[Date "2011.08.30"]
[Round "3"]
[White "Lenti, Cosimo"]
[Black "Spadaro, Luciano"]
[Result "0-1"]
[WhiteElo "1670"]
[BlackElo "1506"]
[PlyCount "50"]
[EventDate "2011.08.28"]

1. e4 e5 2. Nf3 Nc6 3. d4 exd4 4. Nxd4 Bc5 5. Be3 Bb6 6. Nxc6 bxc6 7. Bxb6 cxb6
8. Nc3 Nf6 9. e5 Qe7 10. Qe2 Nd5 11. Nxd5 cxd5 12. O-O-O Bb7 13. f4 O-O 14. g3
Rac8 15. h4 Qc5 16. Rh2 Rfe8 17. h5 d6 18. h6 g6 19. Qd3 dxe5 20. fxe5 Rxe5 21.
Qf3 Rh5 22. Rf2 Rf5 23. Qe2 Rxf2 24. b4 Qxc2+ 25. Qxc2 Rcxc2+ 0-1